[Event "22nd Hogeschool Zeeland Tournament"]
[Site "Vlissingen"]
[Date "2018.08.05"]
[Round "3.32"]
[White "Van Dommelen, Martin"]
[Black "Van Diermen, Arie"]
[Result "1/2-1/2"]
[WhiteElo "2192"]
[BlackElo "1922"]
[PlyCount "153"]
[EventDate "2018.08.04"]
[EventType "swiss"]
[EventRounds "9"]
[EventCountry "NED"]

1. e4 d6 2. d4 Nf6 3. Nc3 g6 4. Be3 c6 5. f3 b5 6. Qd2 Nbd7 7. Nge2 Bg7 8. Bh6
Bxh6 9. Qxh6 Nb6 10. e5 b4 11. exf6 bxc3 12. Nxc3 exf6 13. O-O-O d5 14. Qg7 Ke7
15. Qh6 Be6 16. Bd3 Qd6 17. Rhe1 Rab8 18. a3 Kd7 19. Re2 Kc7 20. Ba6 Nd7 21.
Na4 c5 22. Bd3 c4 23. Bxc4 dxc4 24. d5 Bf5 25. g4 Qa6 26. Qf4+ Ne5 27. Rxe5
fxe5 28. Qxe5+ Qd6 29. Qd4 Rhc8 30. gxf5 Kd7 31. fxg6 hxg6 32. Qxa7+ Ke8 33.
Qd4 Kd7 34. Qg4+ f5 35. Qd4 g5 36. Qa7+ Qc7 37. Nc5+ Kd6 38. Qxc7+ Rxc7 39. Na6
Rbb7 40. Nxc7 Rxc7 41. c3 Rh7 42. Rg1 Rh5 43. Rg2 Kxd5 44. a4 Ke5 45. a5 Kf4
46. a6 Rh6 47. b3 Rxa6 48. bxc4 Rh6 49. Kd2 Rh3 50. Rf2 Rh7 51. c5 Rd7+ 52. Kc2
Rc7 53. Kd3 Rxc5 54. Kd4 Re5 55. c4 Re1 56. c5 Rd1+ 57. Kc4 Ke3 58. Rg2 Kxf3
59. Rxg5 f4 60. c6 Ke4 61. Rc5 f3 62. c7 f2 63. c8=Q f1=Q+ 64. Kb4 Rb1+ 65. Ka5
Qe1+ 66. Ka6 Ra1+ 67. Kb6 Qb4+ 68. Rb5 Qd4+ 69. Qc5 Qd8+ 70. Kc6 Ra6+ 71. Rb6
Qe8+ 72. Kd6 Qd8+ 73. Kc6 Qa8+ 74. Kd6 Qf8+ 75. Kc6 Rxb6+ 76. Kxb6 Qxc5+ 77.
Kxc5 1/2-1/2

[Event "22nd Hogeschool Zeeland Tournament"]
[Site "Vlissingen"]
[Date "2018.08.05"]
[Round "3.33"]
[White "Lopez-Rojas, Jeffrey"]
[Black "Tibke, Jonas"]
[Result "1-0"]
[WhiteElo "2156"]
[BlackElo "1921"]
[PlyCount "43"]
[EventDate "2018.08.04"]
[EventType "swiss"]
[EventRounds "9"]
[EventCountry "NED"]

1. d4 Nf6 2. Nf3 e6 3. c4 d5 4. g3 c5 5. Bg2 Nc6 6. O-O dxc4 7. Ne5 Nxe5 8.
dxe5 Qxd1 9. Rxd1 Nd7 10. Na3 Be7 11. Nxc4 O-O 12. f4 Rb8 13. Nd6 Bxd6 14. Rxd6
Rd8 15. Be3 b6 16. Rad1 Kf8 17. f5 exf5 18. Bc6 Ke7 19. Bg5+ f6 20. exf6+ gxf6
21. Bxf6+ Nxf6 22. Rxd8 1-0

[Event "22nd Hogeschool Zeeland Tournament"]
[Site "Vlissingen"]
[Date "2018.08.05"]
[Round "3.34"]
[White "Gutkind, Kedem"]
[Black "Sparreboom, Wil"]
[Result "1-0"]
[WhiteElo "2099"]
[BlackElo "1914"]
[PlyCount "59"]
[EventDate "2018.08.04"]
[EventType "swiss"]
[EventRounds "9"]
[EventCountry "NED"]

1. e4 e6 2. d4 d5 3. Bd3 Nf6 4. e5 Nfd7 5. Ne2 c5 6. c3 Nc6 7. Nd2 Qa5 8. O-O
b5 9. f4 b4 10. f5 cxd4 11. cxd4 Qb6 12. fxe6 fxe6 13. Kh1 Nxd4 14. Nxd4 Qxd4
15. Nf3 Qb6 16. Ng5 Nxe5 17. Qh5+ g6 18. Bxg6+ Nxg6 19. Nxh7 e5 20. Rf6 Be6 21.
Qxg6+ Kd7 22. Nxf8+ Raxf8 23. Qg7+ Ke8 24. Bg5 Qd6 25. Rxe6+ Qxe6 26. Rc1 Rf1+
27. Rxf1 Rg8 28. Qf6 Qxf6 29. Bxf6 e4 30. Bd4 1-0

[Event "22nd Hogeschool Zeeland Tournament"]
[Site "Vlissingen"]
[Date "2018.08.05"]
[Round "3.35"]
[White "Den Hollander, Rinus"]
[Black "Schouten, Jordy"]
[Result "0-1"]
[WhiteElo "1931"]
[BlackElo "2073"]
[PlyCount "35"]
[EventDate "2018.08.04"]
[EventType "swiss"]
[EventRounds "9"]
[EventCountry "NED"]

1. Nf3 Nf6 2. g3 g6 3. Bg2 Bg7 4. d4 d6 5. O-O O-O 6. Re1 c5 7. c3 Nc6 8. e4
Bg4 9. Qd3 Bxf3 10. Bxf3 cxd4 11. cxd4 Qb6 12. e5 Qxd4 13. Qxd4 Nxd4 14. Bxb7
dxe5 15. Nc3 Rab8 16. Be4 Nxe4 17. Rxe4 f5 18. Re3 0-1

[Event "22nd Hogeschool Zeeland Tournament"]
[Site "Vlissingen"]
[Date "2018.08.05"]
[Round "3.36"]
[White "Van Liempt, Michael"]
[Black "Boerkamp, Harry"]
[Result "1/2-1/2"]
[WhiteElo "2068"]
[BlackElo "1887"]
[PlyCount "33"]
[EventDate "2018.08.04"]
[EventType "swiss"]
[EventRounds "9"]
[EventCountry "NED"]

1. e4 e5 2. Nf3 Nc6 3. d4 exd4 4. Bc4 Nf6 5. e5 d5 6. Bb5 Ne4 7. Nxd4 Bc5 8.
Be3 Bd7 9. Bxc6 bxc6 10. O-O Qe7 11. f3 Nd6 12. Re1 Nf5 13. Nxf5 Bxf5 14. c3
O-O 15. Nd2 Bxe3+ 16. Rxe3 c5 17. Nb3 1/2-1/2

[Event "22nd Hogeschool Zeeland Tournament"]
[Site "Vlissingen"]
[Date "2018.08.05"]
[Round "3.37"]
[White "Chanda, Sandipan"]
[Black "Anusha N L V"]
[Result "1-0"]
[WhiteElo "2553"]
[BlackElo "1898"]
[PlyCount "101"]
[EventDate "2018.08.04"]
[EventType "swiss"]
[EventRounds "9"]
[EventCountry "NED"]

1. d4 d5 2. Nf3 Nf6 3. Bf4 c5 4. e3 Nc6 5. Nbd2 cxd4 6. exd4 Bf5 7. c3 e6 8.
Qb3 Qc8 9. Nh4 Be4 10. Nxe4 Nxe4 11. Nf3 Bd6 12. Bxd6 Nxd6 13. Bd3 O-O 14. O-O
Qc7 15. Rfe1 h6 16. Rac1 Qe7 17. Bb1 b5 18. Qc2 f5 19. Ne5 Nxe5 20. Rxe5 Nc4
21. Re2 Qd6 22. Rce1 Rfe8 23. Qd3 b4 24. g4 Qd7 25. gxf5 exf5 26. Qxf5 Qxf5 27.
Bxf5 Rxe2 28. Rxe2 bxc3 29. bxc3 Kf8 30. Bg6 Rc8 31. Kg2 Nb6 32. Re5 a6 33. a3
Rd8 34. Re6 Na4 35. Rc6 Rb8 36. Bc2 Nb2 37. Rxa6 Nc4 38. h4 Rb2 39. Bg6 Ke7 40.
Ra7+ Kf6 41. h5 Ne3+ 42. Kg3 Nd1 43. f4 Nxc3 44. Rf7+ Ke6 45. f5+ Kd6 46. Rxg7
Ne2+ 47. Kg4 Nxd4 48. f6 Ke6 49. f7 Ke7 50. Rg8 Ne6 51. Re8+ 1-0

[Event "22nd Hogeschool Zeeland Tournament"]
[Site "Vlissingen"]
[Date "2018.08.05"]
[Round "3.38"]
[White "Van Baar, Esper"]
[Black "Welten, Hans"]
[Result "1-0"]
[WhiteElo "2241"]
[BlackElo "1911"]
[PlyCount "69"]
[EventDate "2018.08.04"]
[EventType "swiss"]
[EventRounds "9"]
[EventCountry "NED"]

1. e4 c5 2. Nf3 d6 3. Bb5+ Bd7 4. Bxd7+ Qxd7 5. O-O Nc6 6. c3 e6 7. d4 d5 8.
exd5 Qxd5 9. Be3 c4 10. b3 Nf6 11. Nbd2 cxb3 12. axb3 Be7 13. Nc4 O-O 14. Re1
Rfc8 15. Bc1 Qd8 16. Bb2 b5 17. Nce5 Qb6 18. Qe2 Rab8 19. Nxf7 Nxd4 20. cxd4
Kxf7 21. Ng5+ Kg8 22. Nxe6 Bb4 23. Red1 Re8 24. d5 Nxd5 25. Qg4 g6 26. Ng7 Bc3
27. Nxe8 Bxb2 28. Rab1 Rxe8 29. Rxb2 Qf6 30. Re2 Rxe2 31. Qxe2 Nc3 32. Qe8+ Kg7
33. Rd7+ Kh6 34. Qe3+ g5 35. Qh3+ 1-0

[Event "22nd Hogeschool Zeeland Tournament"]
[Site "Vlissingen"]
[Date "2018.08.05"]
[Round "3.39"]
[White "Van de Poel, Taco"]
[Black "Bressy, Theo"]
[Result "0-1"]
[WhiteElo "1909"]
[BlackElo "2140"]
[PlyCount "73"]
[EventDate "2018.08.04"]
[EventType "swiss"]
[EventRounds "9"]
[EventCountry "NED"]

1. e4 e6 2. d4 d5 3. e5 c5 4. c3 Nc6 5. Nf3 Bd7 6. Be2 Nge7 7. Na3 cxd4 8. cxd4
Nf5 9. Nc2 Qb6 10. O-O Rc8 11. Rb1 Na5 12. g4 Ne7 13. b4 Nc4 14. Ne3 h5 15. g5
h4 16. a4 Qc7 17. b5 Ng6 18. Bxc4 dxc4 19. Ng4 a6 20. Re1 axb5 21. axb5 Qa5 22.
d5 Bb4 23. Re4 Ne7 24. Nf6+ gxf6 25. exf6 Ng6 26. Ne5 Nxe5 27. Rxe5 Qc7 28. Re4
Bd6 29. Qg4 e5 30. Qf3 Qc5 31. Bf4 Bf5 32. Rxe5+ Bxe5 33. Re1 Kf8 34. Rxe5 Re8
35. Rxe8+ Kxe8 36. Be3 Qc8 37. Bc5 0-1

[Event "22nd Hogeschool Zeeland Tournament"]
[Site "Vlissingen"]
[Date "2018.08.05"]
[Round "3.40"]
[White "Hesse, Henrik"]
[Black "De Jong, Roel"]
[Result "1-0"]
[WhiteElo "2137"]
[BlackElo "1880"]
[PlyCount "53"]
[EventDate "2018.08.04"]
[EventType "swiss"]
[EventRounds "9"]
[EventCountry "NED"]

1. c4 Nf6 2. g3 g6 3. Bg2 Bg7 4. Nc3 O-O 5. e3 d6 6. Nge2 e5 7. d3 c6 8. O-O a5
9. Rb1 Na6 10. a3 Qe7 11. b4 axb4 12. axb4 Bd7 13. Na4 Nh5 14. Nb6 Rad8 15. b5
Nc7 16. Nxd7 Qxd7 17. bxc6 bxc6 18. Rb7 Ra8 19. Qb3 Ra6 20. Bd2 Nf6 21. Rb1 Rc8
22. Rb8 Ne6 23. Bh3 Ra8 24. Rb6 Rd8 25. Rb7 Qe8 26. Bb4 Rab8 27. Bxd6 1-0

[Event "22nd Hogeschool Zeeland Tournament"]
[Site "Vlissingen"]
[Date "2018.08.05"]
[Round "3.41"]
[White "Merbis, Max"]
[Black "Van Driel, Eric"]
[Result "1-0"]
[WhiteElo "2136"]
[BlackElo "1864"]
[PlyCount "137"]
[EventDate "2018.08.04"]
[EventType "swiss"]
[EventRounds "9"]
[EventCountry "NED"]

1. c4 f5 2. d4 e6 3. Nc3 Nf6 4. Bf4 d6 5. Nf3 Be7 6. e3 O-O 7. Bd3 Qe8 8. h3 b6
9. g4 Bb7 10. Rg1 Ne4 11. gxf5 Nxc3 12. bxc3 Qh5 13. Ng5 Qxd1+ 14. Rxd1 Bxg5
15. Rxg5 exf5 16. Ke2 Be4 17. Rdg1 Bxd3+ 18. Kxd3 Rf7 19. R5g2 Nc6 20. Bh6 g6
21. h4 Ne7 22. f3 Re8 23. a4 a5 24. Rb1 Kh8 25. Rb5 Kg8 26. c5 dxc5 27. c4 cxd4
28. exd4 Nc6 29. h5 Rf6 30. Bf4 Nb4+ 31. Kc3 Kf7 32. Re5 Rfe6 33. hxg6+ hxg6
34. Rh2 Kg7 35. Rxe6 Rxe6 36. Be5+ Kf8 37. Rh8+ Ke7 38. Rh7+ Kd8 39. Bxc7+ Kc8
40. Bf4 Re2 41. Rc7+ Kd8 42. Rg7 Rf2 43. Bc7+ Ke8 44. Bxb6 Rxf3+ 45. Kd2 Ra3
46. Bxa5 Rxa4 47. Bc7 Nd5 48. cxd5 Rxd4+ 49. Ke3 Rxd5 50. Rxg6 Kf7 51. Rb6 Rc5
52. Bb8 Rd5 53. Kf4 Ra5 54. Be5 Ke7 55. Kxf5 Kd7 56. Rd6+ Ke7 57. Rh6 Kd7 58.
Rh7+ Kc6 59. Ke6 Kb5 60. Kd5 Kb4+ 61. Kd4 Kb3 62. Bd6 Ra6 63. Bc5 Ra8 64. Kd3
Rd8+ 65. Bd4 Kb4 66. Rb7+ Ka4 67. Kc4 Ra8 68. Rb1 Rc8+ 69. Bc5 1-0

[Event "22nd Hogeschool Zeeland Tournament"]
[Site "Vlissingen"]
[Date "2018.08.05"]
[Round "3.43"]
[White "Boelhouwer, Collin"]
[Black "Homfeldt, Christopher"]
[Result "1-0"]
[WhiteElo "2128"]
[BlackElo "1854"]
[PlyCount "43"]
[EventDate "2018.08.04"]
[EventType "swiss"]
[EventRounds "9"]
[EventCountry "NED"]

1. e4 c5 2. Nf3 d6 3. d4 cxd4 4. Nxd4 Nf6 5. Nc3 a6 6. Bg5 e6 7. f4 h6 8. Bh4
Be7 9. Qf3 Qc7 10. O-O-O Nbd7 11. g4 b5 12. Bd3 Nb6 13. Bf2 b4 14. Nce2 d5 15.
Ng3 e5 16. Ndf5 g6 17. fxe5 dxe4 18. Nxe4 Nxg4 19. Nfd6+ Bxd6 20. Nxd6+ Kf8 21.
Bxb6 Qxb6 22. Qxf7# 1-0

[Event "22nd Hogeschool Zeeland Tournament"]
[Site "Vlissingen"]
[Date "2018.08.05"]
[Round "3.44"]
[White "Leentjens, Gilbert"]
[Black "Nachbar, Benjamin"]
[Result "0-1"]
[WhiteElo "1870"]
[BlackElo "2123"]
[PlyCount "38"]
[EventDate "2018.08.04"]
[EventType "swiss"]
[EventRounds "9"]
[EventCountry "NED"]

1. e4 c6 2. d4 d5 3. exd5 cxd5 4. Bd3 Nc6 5. c3 g6 6. Ne2 Bg7 7. Bf4 Nh6 8. Nd2
O-O 9. Nf3 f6 10. Qc2 Nf7 11. Ng3 e5 12. Bxg6 hxg6 13. Qxg6 Nh8 14. Qh5 exf4
15. Ne2 Re8 16. Kd2 Rxe2+ 17. Kxe2 Be6 18. Kd2 Qd7 19. h3 Bf7 0-1

[Event "22nd Hogeschool Zeeland Tournament"]
[Site "Vlissingen"]
[Date "2018.08.05"]
[Round "3.45"]
[White "Timmermans, Adri"]
[Black "Kalisvaart, Peter"]
[Result "0-1"]
[WhiteElo "1847"]
[BlackElo "2090"]
[PlyCount "78"]
[EventDate "2018.08.04"]
[EventType "swiss"]
[EventRounds "9"]
[EventCountry "NED"]

1. e4 e5 2. Nf3 Nc6 3. d4 exd4 4. c3 d5 5. exd5 Qxd5 6. cxd4 Bg4 7. Be2 Bb4+ 8.
Nc3 Bxf3 9. Bxf3 Qc4 10. Qb3 Qxb3 11. axb3 Nge7 12. O-O a5 13. Nb5 O-O-O 14.
Bf4 Nxd4 15. Nxc7 Nxf3+ 16. gxf3 Nc6 17. Na8 Bd6 18. Nb6+ Kc7 19. Be3 Kb8 20.
Nc4 Bc7 21. Rfd1 Rxd1+ 22. Rxd1 Rd8 23. Ra1 f5 24. f4 Rd3 25. Ne5 Rxb3 26.
Nxc6+ bxc6 27. Bd4 g6 28. Re1 Bxf4 29. Re8+ Kc7 30. Re7+ Kd6 31. Rxh7 Kd5 32.
Bc3 a4 33. Ra7 a3 34. Rxa3 Rxa3 35. bxa3 Kc4 36. Bf6 Kb3 37. Be7 Bc1 38. Kf1
Bxa3 39. Bf6 c5 0-1

[Event "22nd Hogeschool Zeeland Tournament"]
[Site "Vlissingen"]
[Date "2018.08.05"]
[Round "3.46"]
[White "Boulahfa, Hicham"]
[Black "Bishoen, Bob"]
[Result "1-0"]
[WhiteElo "2074"]
[BlackElo "1837"]
[PlyCount "45"]
[EventDate "2018.08.04"]
[EventType "swiss"]
[EventRounds "9"]
[EventCountry "NED"]

1. e4 g6 2. d4 Bg7 3. Nc3 d6 4. Be3 Nd7 5. Qd2 a6 6. f4 Ngf6 7. Nf3 Ng4 8. Bg1
e5 9. h3 exd4 10. Bxd4 Ngf6 11. e5 dxe5 12. fxe5 Nh5 13. g4 Ng3 14. e6 Nxf1 15.
exd7+ Bxd7 16. Rxf1 Bxd4 17. Qxd4 Qe7+ 18. Qe5 Qxe5+ 19. Nxe5 Be6 20. O-O-O h5
21. Ne4 hxg4 22. hxg4 f5 23. Ng5 1-0

[Event "22nd Hogeschool Zeeland Tournament"]
[Site "Vlissingen"]
[Date "2018.08.05"]
[Round "3.47"]
[White "Rosmuller, Anton"]
[Black "Van der Hagen, Loek"]
[Result "1/2-1/2"]
[WhiteElo "2069"]
[BlackElo "1814"]
[PlyCount "117"]
[EventDate "2018.08.04"]
[EventType "swiss"]
[EventRounds "9"]
[EventCountry "NED"]

1. d4 Nf6 2. c4 g6 3. Nc3 Bg7 4. e4 d6 5. Bd3 O-O 6. Nge2 e5 7. d5 a5 8. h3 Na6
9. g4 Nc5 10. Bc2 Rb8 11. Ng3 Bd7 12. Qe2 c6 13. a4 cxd5 14. cxd5 Qb6 15. O-O
Rfc8 16. Kg2 Qa6 17. Qd1 b5 18. axb5 Bxb5 19. Nxb5 Qxb5 20. Ra3 Nfd7 21. Ne2
Nb6 22. Nc3 Qb4 23. Na2 Qb5 24. b3 Ra8 25. Re1 Qd7 26. Be3 Qc7 27. Re2 Nbd7 28.
b4 axb4 29. Rxa8 Rxa8 30. Nxb4 Qb6 31. Qd2 Qa5 32. Re1 Nb6 33. Rb1 Nc4 34. Qe2
Nxe3+ 35. Qxe3 Bf6 36. g5 Bd8 37. h4 Qa3 38. Qe2 Rb8 39. Nc6 Rxb1 40. Bxb1 Bc7
41. Qg4 Qa8 42. h5 Qf8 43. f4 exf4 44. h6 Qa8 45. Bc2 Qa6 46. Bd1 Nxe4 47. Be2
Qa8 48. Qxf4 Qe8 49. Bf3 f5 50. gxf6 Nc5 51. Ne7+ Kf7 52. Bg4 Qb5 53. Nxg6 Qb2+
54. Kh3 Qc3+ 55. Bf3 Qxf6 56. Qxf6+ Kxf6 57. Nf8 Kg5 58. Nxh7+ Kxh6 59. Nf8
1/2-1/2

[Event "22nd Hogeschool Zeeland Tournament"]
[Site "Vlissingen"]
[Date "2018.08.05"]
[Round "3.48"]
[White "Hoeneveld, Maarten"]
[Black "Van t Hoff, Kees"]
[Result "1-0"]
[WhiteElo "2066"]
[BlackElo "1795"]
[PlyCount "37"]
[EventDate "2018.08.04"]
[EventType "swiss"]
[EventRounds "9"]
[EventCountry "NED"]

1. e4 c5 2. d4 cxd4 3. c3 dxc3 4. Nxc3 Nc6 5. Bc4 e6 6. Nf3 Be7 7. O-O d6 8.
Bf4 a6 9. Qe2 Nf6 10. Rfd1 Nh5 11. Bxd6 Bxd6 12. e5 Qa5 13. Rxd6 Nf4 14. Qe4
Nd5 15. Nxd5 exd5 16. Bxd5 O-O 17. Ng5 g6 18. Rxg6+ hxg6 19. Qxg6+ 1-0

[Event "22nd Hogeschool Zeeland Tournament"]
[Site "Vlissingen"]
[Date "2018.08.05"]
[Round "3.49"]
[White "Lukas, Anne"]
[Black "Du, Yuxin"]
[Result "1/2-1/2"]
[WhiteElo "1844"]
[BlackElo "2064"]
[PlyCount "70"]
[EventDate "2018.08.04"]
[EventType "swiss"]
[EventRounds "9"]
[EventCountry "NED"]

1. d4 Nf6 2. Nf3 e6 3. Bg5 b6 4. e3 Bb7 5. Bd3 c5 6. O-O Be7 7. Nbd2 cxd4 8.
exd4 O-O 9. c3 h6 10. Bf4 d6 11. Re1 Nbd7 12. Ne4 Nxe4 13. Bxe4 Bxe4 14. Rxe4
Nf6 15. Re2 Nd5 16. Bg3 b5 17. a3 Qb6 18. Ne1 Rfc8 19. Nc2 a5 20. Qd3 Qc6 21.
h3 Qc4 22. Ne1 Qxd3 23. Nxd3 Rc4 24. Nf4 Nxf4 25. Bxf4 d5 26. Bd2 a4 27. f4 Bd6
28. g4 Rcc8 29. Kg2 Kh8 30. Kf3 g6 31. h4 Re8 32. g5 h5 33. Kg2 Kg7 34. Rae1
Kf8 35. Kf3 Rac8 1/2-1/2

[Event "22nd Hogeschool Zeeland Tournament"]
[Site "Vlissingen"]
[Date "2018.08.05"]
[Round "3.51"]
[White "Verhoeff, Timardi"]
[Black "Hoffman, Ron"]
[Result "1/2-1/2"]
[WhiteElo "1833"]
[BlackElo "2041"]
[PlyCount "49"]
[EventDate "2018.08.04"]
[EventType "swiss"]
[EventRounds "9"]
[EventCountry "NED"]

1. c4 g6 2. g3 Bg7 3. Bg2 d6 4. Nc3 Nf6 5. e4 O-O 6. Nge2 c5 7. d3 Nc6 8. h3
Ne8 9. O-O Nc7 10. Be3 Nd4 11. f4 e6 12. a3 Rb8 13. Rb1 Bd7 14. b4 b6 15. b5
Qe7 16. Kh2 Kh8 17. Qd2 f5 18. Bg1 Rfe8 19. Rfe1 Qf7 20. exf5 gxf5 21. Nxd4
cxd4 22. Na2 a5 23. bxa6 Nxa6 24. Nb4 Nxb4 25. Rxb4 1/2-1/2